00495nam a2200181 a 4500001001300000003000900013005001700022008004100039020000900080082001300089100001500102245007200117260004200189300000800231500003500239650002400274700001500298nice12345678IN_TiNIC20260116014833.0070823s2003 sria grp 000 0 eng  ac4500a421bMAL aMalik, G R aAction and Emotionb A First Year Degree Course of Prose and Poetry aSrinagerbUniversity of Kashmirc2003 a90p aincludes index and biblioraphy aEnglish Course Book1 aMalik, G R